Conan Gray - Alley Rose (All Lyrics) - Statistics

General Stats
  • This quiz has been taken 141 times
  • The average score is 282 of 323
Answer Stats
Answer % Correct
a
100%
ahh
100%
I
100%
the
100%
and
99%
so
99%
so-oh
99%
you
99%
corner
98%
store
98%
were
98%
your
97%
to
95%
up
95%
lips
94%
me
94%
picked
94%
that
94%
all
93%
alley
93%
do
93%
eyes
93%
from
93%
go
93%
rose
93%
don't
92%
leave
92%
alone
91%
again
89%
red
89%
where'd
89%
be
88%
it
88%
just
88%
oh
88%
hangin'
86%
much
86%
say
86%
care
85%
even
85%
if
85%
my
85%
knew
84%
way
83%
you'd
83%
fast
82%
for
82%
it's
82%
at
81%
last
81%
that's
81%
how
80%
kissed
80%
made
80%
neck
80%
breath
78%
feel
78%
fingers
78%
love
78%
summer
78%
think
78%
back
77%
cry
77%
hell
77%
since
77%
fling
76%
lie
76%
like
76%
maybe
76%
torn
76%
waited
76%
born
75%
hands
75%
into
75%
swore
75%
year
75%
around
74%
dear"
74%
I'd
74%
it'd
74%
things
74%
well
74%
why
74%
desperate
73%
experimental
73%
feet
73%
fighting
73%
"I'm
73%
makes
73%
but
72%
hair
72%
nervous
72%
pulled
72%
thought
72%
insane
70%
reason
70%
sound
70%
ever
69%
told
69%
you're
69%
flame
68%
god
67%
lies
67%
through
67%
cause
66%
safer
66%
touch
66%
wrapped
66%
change
65%
first
64%
might
64%
person
63%
ran
61%
bruisin'
60%
hot
60%
I've
60%
proven
59%
subject-sore
59%
thanked
59%
necks
58%
only
57%
was
57%
friend
56%
seen
56%
who's
48%
No matching quizzes found
Score Distribution
Percent of People with Each Score
Percentile by Number Answered
Your Score History
You have not taken this quiz